Aus der Zeit, in der Zeit – die Wangener Gespräche 2016
| Titel: | Aus der Zeit, in der Zeit – die Wangener Gespräche 2016 : Vielfalt und Abwechslung bei der schlesischen Literaturtagung / Ulrich Schmilewski |
|---|---|
| Verfasser: | |
| In: |
Schlesischer Kulturspiegel, Band 51, Heft 4 (2016), Seite 51-52 alle Artikel anzeigen |
| Veröffentlicht: | 2016 |
| Umfang: | 1 Illustration |
| Format: | Aufsatz |
| Sprache: | Deutsch |
X
alg: 43152260 001A $03025:18-05-18 001B $01999:18-05-18 $t22:40:10.000 001C $03025:18-05-18 $t12:34:40.000 001D $03025:18-05-18 001U $0utf8 001X $00 002@ $0Oou 002C $aText $btxt $2rdacontent 002D $aComputermedien $bc $2rdamedia 002E $aOnline-Ressource $bcr $2rdacarrier 003@ $043152260X 007A $043152260X $aHEB 009Q $uhttps://www.kulturwerk-schlesien.de/unsereveroeffentlichungen/m_8811 $xH 010@ $ager 010E $erda 011@ $a2016 021A $aAus der Zeit, in der Zeit – die Wangener Gespräche 2016 $dVielfalt und Abwechslung bei der schlesischen Literaturtagung $hUlrich Schmilewski 028A $aSchmilewski $dUlrich 031A $d51 $e4 $h51-52 $j2016 034M $a1 Illustration 039B $aEnthalten in $8--Obvc--. Schlesischer Kulturspiegel. - Würzburg : Stiftung Kulturwerk Schlesien, 2003-. - Online-Ressource $x201600000510004949 $9219796955 044K $#Wangen, Allgäu $#Wangen Allgäu $#Luftkurort Wangen im Allgäu $#Stadt Wangen, Allgäu $#Kreisstadt Wangen, Allgäu $#Stadt Wangen im Allgäu $74064555-1 $8Wangen im Allgäu [Tg1] $9085181110 044K $RKongress $#Tagungsbericht $#Kongressschrift $74196709-4 $8Kongressbericht [Ts1] $9085988111 044K $RBuch $RSchriftsteller $#Literature $#Littérature $#Letteratura $#Literatura $#literature $#Literature $#Literatur $#Literatur $#Belletristik $#Dichtung Literatur $#Schöne Literatur $#Sprachkunst $#Wortkunst $74035964-5 $8Literatur [Tsz] $9085097128 044K $74653032-0 $8Wangener Gespräche$cWangen, Allgäu [Tf1] $910037946X 045R $aGeschichte 2016 lok: 43152260 78 exp: 43152260 78 1 #EPN 201B/01 $018-05-18 $t12:32:25.000 201C/01 $018-05-18 201U/01 $0utf8 203@/01 $0102205063X 208@/01 $a18-05-18 $be 209A/01 $a/ $f000 $x00 209A/01 $ab*p $x01 220C/01 $apgar 244Z/01 $#Schlesien $#Schlesien $#Herzogtum Schlesien $#Herzogtum Schlesien Schlesien $#Provinz Schlesien $#Śla̜sk $#Slezsko $#Silesia $74052678-1 $8--Tg1--Schlesien $x01 $9085146781 247C/01 $82080>Marburg/Lahn, Herder-Institut, Forschungsbibliothek, Bibliographieportal $9336309341
| LEADER | 00000caa a2200000 c 4500 | ||
|---|---|---|---|
| 001 | 43152260X | ||
| 003 | DE-603 | ||
| 005 | 20180518224010.0 | ||
| 007 | cr|||||||||||| | ||
| 008 | 180518s2016 xx |||| o| u00||u|ger c | ||
| 035 | |a (DE-599)HEB43152260X | ||
| 040 | |a DE-603 |b ger |c DE-603 |d DE-603 |e rda | ||
| 041 | |a ger | ||
| 100 | 1 | |a Schmilewski, Ulrich | |
| 245 | 0 | 0 | |a Aus der Zeit, in der Zeit – die Wangener Gespräche 2016 |b Vielfalt und Abwechslung bei der schlesischen Literaturtagung |c Ulrich Schmilewski |
| 264 | 0 | |c 2016 | |
| 300 | |b 1 Illustration | ||
| 336 | |a Text |b txt |2 rdacontent | ||
| 337 | |a Computermedien |b c |2 rdamedia | ||
| 338 | |a Online-Ressource |b cr |2 rdacarrier | ||
| 611 | 2 | 7 | |a Wangener Gespräche |c Wangen, Allgäu |2 gnd |0 (DE-588)4653032-0 |0 (DE-603)10037946X |
| 648 | 7 | |a Geschichte 2016 |2 gnd | |
| 650 | 7 | |a Kongressbericht |0 (DE-588)4196709-4 |0 (DE-603)085988111 |2 gnd | |
| 650 | 7 | |a Literatur |0 (DE-588)4035964-5 |0 (DE-603)085097128 |2 gnd | |
| 651 | 7 | |a Wangen im Allgäu |0 (DE-588)4064555-1 |0 (DE-603)085181110 |2 gnd | |
| 773 | 0 | 8 | |i Enthalten in |t Schlesischer Kulturspiegel |d Würzburg : Stiftung Kulturwerk Schlesien, 2003- |h Online-Ressource |g Band 51, Heft 4 (2016), Seite 51-52 |w (DE-603)219796955 |w (DE-600)2533923-0 |
| 856 | |u https://www.kulturwerk-schlesien.de/unsereveroeffentlichungen/m_8811 |x Verlag | ||
| 924 | 1 | |9 2080 |a (DE-603)102205063X |b DE-2080 |c HES |d d |g / | |


